000 00298nam a22001337a 4500
008 181217b xxu||||| |||| 00| 0 eng d
020 _a9780136790655
041 _aeng
080 _a038
100 _a23
101 _aFJA
245 _aWord and Expression Locater
_cSisson, A.F
942 _2udc
_cBK
999 _c53274
_d53274